Encyclopedia of international relations and global politics (Record no. 4702)

MARC details
000 -LEADER
fixed length control field 00441nam a2200157Ia 4500
020 ## - INTERNATIONAL STANDARD BOOK NUMBER
ISBN 0-415-31160-8
082 ## - DEWEY DECIMAL CLASSIFICATION NUMBER
Classification number RR 327.03 ENC-
245 #0 - TITLE STATEMENT
Title Encyclopedia of international relations and global politics
260 ## - PUBLICATION, DISTRIBUTION, ETC. (IMPRINT)
Place of publication London
Name of publisher Routledge
Year of publication 2005
300 ## - PHYSICAL DESCRIPTION
Number of Pages xviii, 911
504 ## - BIBLIOGRAPHY, ETC. NOTE
Bibliography, etc includes index
650 ## - SUBJECT ADDED ENTRY--TOPICAL TERM
Topical Term International relations
Form subdivision Encyclopedia
650 ## - SUBJECT ADDED ENTRY--TOPICAL TERM
Topical Term World politics
Form subdivision Encyclopedias
700 ## - ADDED ENTRY--PERSONAL NAME
Personal name Griffiths, Martin
942 ## - ADDED ENTRY ELEMENTS (KOHA)
Koha item type Books
Holdings
Withdrawn status Lost status Damaged status Not for loan Home library Current library Date acquired Source of acquisition Bill Date Full call number Accession Number Price effective from Koha item type
        NASSDOC Library NASSDOC Library 16/03/2006 GOVIND 2006-03-06 RR 327.03 ENC- 41440 18/04/2019 Books